Những danh tích của xứ Thanh
vv
Đã lưu trong:
| Tác giả chính: | |
|---|---|
| Định dạng: | Sách |
| Năm xuất bản: |
H.
Giáo dục
1997
|
| Chủ đề: | |
| Tags: |
Thêm thẻ
Không có thẻ, Hãy là người đầu tiên gắn thẻ bản ghi này!
|
| LEADER | 01343nam a2200229 4500 | ||
|---|---|---|---|
| 082 | |a 915.9741 |b H561N | ||
| 100 | |a Hương Nao | ||
| 245 | |a Những danh tích của xứ Thanh |c Hương Nao | ||
| 260 | |a H. |b Giáo dục |c 1997 | ||
| 300 | |a 155tr. |c 19cm | ||
| 520 | |a vv | ||
| 653 | |a Địa lí | ||
| 653 | |a Địa danh | ||
| 653 | |a Thanh Hóa | ||
| 653 | |a Thắng cảnh | ||
| 942 | |2 ddc |c STK0 | ||
| 999 | |c 1313 |d 1313 | ||
| 952 | |0 0 |1 0 |2 ddc |4 0 |6 915_974100000000000_H561N |7 1 |8 900 |9 24645 |a qbu |b qbu |c D5 |d 2014-12-08 |g 8100 |o 915.9741 H561N |p 4564.C1 |r 0000-00-00 |w 2014-12-08 |y STK0 |0 0 |6 915_974100000000000_H561N | ||
| 952 | |0 0 |1 0 |2 ddc |4 0 |6 915_974100000000000_H561N |7 0 |8 900 |9 24646 |a qbu |b qbu |c D5 |d 2014-12-08 |g 8100 |o 915.9741 H561N |p 4564.C2 |r 0000-00-00 |w 2014-12-08 |y STK0 |0 0 |6 915_974100000000000_H561N | ||
| 952 | |0 0 |1 0 |2 ddc |4 0 |6 915_974100000000000_H561N |7 0 |8 900 |9 24647 |a qbu |b qbu |c D5 |d 2014-12-08 |g 8100 |o 915.9741 H561N |p 4564.C3 |r 0000-00-00 |w 2014-12-08 |y STK0 |0 0 |6 915_974100000000000_H561N | ||
| 952 | |0 0 |1 0 |2 ddc |4 0 |6 915_974100000000000_H561N |7 0 |8 900 |9 24648 |a qbu |b qbu |c D5 |d 2014-12-08 |g 8100 |o 915.9741 H561N |p 4564.C4 |r 2015-10-29 |w 2014-12-08 |y STK0 |0 0 |6 915_974100000000000_H561N | ||
| 952 | |0 0 |1 0 |2 ddc |4 0 |6 915_974100000000000_H561N |7 0 |8 900 |9 24649 |a qbu |b qbu |c D5 |d 2014-12-08 |g 8100 |o 915.9741 H561N |p 4564.C5 |r 0000-00-00 |w 2014-12-08 |y STK0 |0 0 |6 915_974100000000000_H561N | ||